Named Books Quiz Stats

 Plays Quiz Updated Nov 13, 2018

Support Sporcle.
Go Orange.
Score 0/30 Timer 07:00
0 Plays Today
Author Book % Correct
Mary ShelleyFrankenstein
81.6%
F. Scott FitzgeraldThe Great Gatsby
77.4%
Lewis CarrollAlice's Adventures in Wonderland
74%
Bram StokerDracula
71.3%
Charlotte BrontëJane Eyre
65%
Jane AustenEmma
64.8%
Jonathan SwiftGulliver's Travels
54.4%
Roald DahlCharlie and the Chocolate Factory
54.1%
James JoyceUlysses
51.4%
Leo TolstoyAnna Karenina
49.4%
Vladimir NabokovLolita
46.6%
Charles DickensDavid Copperfield
43.2%
Roald DahlJames and the Giant Peach
42.2%
C.S. LewisPrince Caspian
37.7%
Oscar WildeThe Picture of Dorian Gray
37.2%
Author Book % Correct
Gustave FlaubertMadame Bovary
32.1%
Virginia WoolfMrs. Dalloway
27.4%
L. M. Montgomery Anne of Green Gables
26.1%
Thomas HardyTess of the D'Urbervilles
24.9%
Boris PasternakDoctor Zhivago
21.6%
Hermann HesseSiddhartha
21.5%
Joseph ConradLord Jim
15.9%
Anne RiceThe Vampire Lestat
14.8%
John IrvingA Prayer for Owen Meany
13.5%
Robert GravesI, Claudius
12.1%
Toni Morrison Song of Solomon
11.3%
Richard BachJonathan Livingston Seagull
10.3%
Kingsley AmisLucky Jim
8.2%
Muriel SparkThe Prime of Miss Jean Brodie
7.9%
H.G. WellsThe Island of Doctor Moreau
4.9%

From the Vault

'B' Natural World

by Cortez

Science 5m
If we ever started a Sporcle zoo, we'd put the animals in alphabetical order to make quizzes like this easier.
Remove Ads.
Support Sporcle.
Get the best of Sporcle when you Go Orange. This ad-free experience offers more features, more stats, and more fun while also helping to support Sporcle. Thank you for becoming a member.

Show Comments

Extras

Top Quizzes Today


Score Distribution

Your Account Isn't Verified!

In order to create a playlist on Sporcle, you need to verify the email address you used during registration. Go to your Sporcle Settings to finish the process.

Report this User

Report this user for behavior that violates our Community Guidelines.

Details: